Book

Políticas macroeconómicas y vulnerabilidad social. La Argentina en los años noventa

Saved in:
Bibliographic Details
Main Author: Damill, Mario
Other Authors: Frenkel, Roberto, Maurizio, Roxana
Format: Book
Language:Spanish
Published: Santiago de Chile : CEPAL, 2003
Series:Serie financiamineto del desarrollo ; v. 135
Subjects:

MARC

LEADER 00000nam#a2200000#a#4500
001 009965
003 AR-BeUNQ
005 20251128170720.0
008 031218s2003####cl##################spa#d
999 |c 12388  |d 87775 
020 |a 9213221959 
040 |a AR-BeUNQ  |b spa  |c AR-BeUNQ  |e aacr 
099 |a 05-D55 
100 1 |a Damill, Mario  |9 5685 
245 0 0 |a Políticas macroeconómicas y vulnerabilidad social. La Argentina en los años noventa  |c Mario Damill ; Roberto Frenkel ; Roxana Maurizio. 
260 |a Santiago de Chile :  |b CEPAL,  |c 2003 
300 |a 61 p. :   |b tablas, gráficos 
490 0 |a Serie financiamineto del desarrollo ;  |v v. 135 
648 4 |a 1998-2002 
650 7 |a POLITICA ECONOMICA  |2 Spines 
650 7 |a ESTABILIZACION ECONOMICA  |2 Spines 
650 7 |a CRECIMIENTO ECONOMICO  |2 Spines 
650 7 |a MERCADO DE TRABAJO  |2 Spines 
650 7 |a CONDICIONES ECONOMICAS  |2 Spines 
650 7 |a CONDICIONES ECONOMICAS  |2 Spines 
650 7 |a CONDICIONES DE VIDA  |2 Spines 
650 7 |a ANALISIS ECONOMICO  |2 Spines 
650 7 |a ANALISIS ESTADISTICO  |2 Spines 
650 7 |a MACROECONOMIA  |2 Spines 
651 7 |a ARGENTINA  |2 Spines 
700 1 |a Frenkel, Roberto 
700 1 |a Maurizio, Roxana 
929 |a COMPRA  |b CEPAL  |d 15,00E  |e 20031211  |f patrimonio  |j 35457 
942 |c LIB  |n 0